00442 2200169 4500001002100000008004100021035002000062245004300082100002700125260002600152300001200178020002200190084001400212082000800226650001900234990001900253INLIS000000000001117 ind  a0010-0724001117 aAlat KomunikasicBambang Tri R Nugroho aNugroho, Bambang Tri R aKlatenbSahabatc2008 a74 hlm. a978-979-029-080-8 a621 BAM a a621 aFisika Terapan aP29/CP/24/1117